000 00834nam a22002057a 4500
999 _c9176
_d9176
003 AR-CdUCM
008 190327b ||||| |||| 00| 0 spa d
040 _aMUNICIPALIDAD PROVINCIAL DEL CUSCO
_cBIBLIOTECA MUNICIPAL DEL CUSCO
082 _a410 /
_bC81
100 _aCondori Pauccara, José
_925231
245 _aLingüística :
_bconceptos básicos y cambios fonéticos dialectales /
260 _aCusco :
_bEditorial galileo,
_c2013.
300 _a119 páginas ;
_c20.5 cm.
505 _aLingüística: conceptos básicos -- Cambios fonéticos dialectales -- Cambios fonéticos por supresión -- Cambios fonéticos por inducción -- Características de los cambios fonéticos.
650 _aDigtongación
_925232
650 _aVocales abierta y cerradas
_925233
650 _aLenguaje
_95227
942 _2ddc
_cLIBROS
945 _aacv